Encyclopedia of romanticism : (Record no. 6183)

MARC details
000 -LEADER
fixed length control field 01078nac a22003011i 4500
003 - CONTROL NUMBER IDENTIFIER
control field EG-ScBUE
005 - DATE AND TIME OF LATEST TRANSACTION
control field 20240310114004.0
008 - FIXED-LENGTH DATA ELEMENTS--GENERAL INFORMATION
fixed length control field 100922s1992 enk f b 001 0 eng d
020 ## - INTERNATIONAL STANDARD BOOK NUMBER
International Standard Book Number 0415081688
020 ## - INTERNATIONAL STANDARD BOOK NUMBER
International Standard Book Number 9780415081689
040 ## - CATALOGING SOURCE
Original cataloging agency EG-ScBUE
Language of cataloging eng
Description conventions rda
Transcribing agency EG-ScBUE
Modifying agency EG-ScBUE
043 ## - GEOGRAPHIC AREA CODE
Geographic area code e-uk---
082 04 - DEWEY DECIMAL CLASSIFICATION NUMBER
Classification number 941.073
Item number ENC
Edition number 22
245 00 - TITLE STATEMENT
Title Encyclopedia of romanticism :
Remainder of title culture in Britain, 1780s-1830s /
Statement of responsibility, etc Laura Dabundo, editor [and three others]
264 #1 - PUBLICATION, DISTRIBUTION, ETC. (IMPRINT)
Place of publication, distribution, etc London :
Name of publisher, distributor, etc Routledge,
Date of publication, distribution, etc 1992.
300 ## - PHYSICAL DESCRIPTION
Extent xviii, 662 pages ;
Dimensions 27 cm.
336 ## - CONTENT TYPE
Source rdacontent
Content type term text
Content type code txt
337 ## - MEDIA TYPE
Media type term unmediated
Source rdamedia
Media type code n
338 ## - CARRIER TYPE
Carrier type term volume
Carrier type code nc
Source rdacarrier
490 0# - SERIES STATEMENT
Series statement Routledge reference
504 ## - BIBLIOGRAPHY, ETC. NOTE
Bibliography, etc Includes bibliographical references and index.
650 #7 - SUBJECT ADDED ENTRY--TOPICAL TERM
Topical term or geographic name as entry element Romanticism
Geographic subdivision Great Britain
Form subdivision Encyclopedias.
Source of heading or term BUEsh
9 (RLIN) 19777
651 #7 - SUBJECT ADDED ENTRY--GEOGRAPHIC NAME
Geographic name Great Britain
General subdivision Civilization
Chronological subdivision 19th century.
Source of heading or term BUEsh
9 (RLIN) 19778
651 #7 - SUBJECT ADDED ENTRY--GEOGRAPHIC NAME
9 (RLIN) 19779
Geographic name Great Britain
General subdivision Civilization
Chronological subdivision 18th century.
Source of heading or term BUEsh
655 ## - INDEX TERM--GENRE/FORM
Form subdivision Reading book
700 1# - ADDED ENTRY--PERSONAL NAME
Personal name Dabundo, Laura,
Relator term editor.
9 (RLIN) 19780
942 ## - ADDED ENTRY ELEMENTS (KOHA)
Koha item type Reference (NB)
Source of classification or shelving scheme Dewey Decimal Classification
Holdings
Withdrawn status Lost status Source of classification or shelving scheme Damaged status Not for loan Collection code Home library Current library Shelving location Date acquired Source of acquisition Total Checkouts Full call number Barcode Date last seen Price effective from Koha item type
    Dewey Decimal Classification     Donation-Gift Central Library Central Library Ground Floor 22/09/2010 Donation   941.073 ENC 000007279 15/07/2025 15/11/2007 Reference (NB)